000 00760 a2200193 4500
999 _c6776
_d6776
020 _a9780199747252 (alk. paper)
050 0 0 _aBR115 WEB 2011
100 1 _aWeber, Max,
_d1864-1920.
245 1 4 _aThe Protestant ethic and the spirit of capitalism /
_cby Max Weber ; translated and updated by Stephen Kalberg.
264 _aNew York:
_bOxford University Press;
_c2011
300 _avi, 442 p. ;
500 _aProtestant ethic
504 _aIncludes bibliographical references and indexes.
650 0 _aCapitalism
_xReligious aspects
_xProtestant churches.
650 0 _aProtestant work ethic.
700 1 _aKalberg, Stephen.
942 _2lcc
_cBK
_h115
_iWEB
_kBR